[Event "SRB-chT (Women) Div1"]
[Site "Senta"]
[Date "2023.10.17"]
[Round "8.4"]
[White "Zivkovic, Vesna"]
[Black "Srdanovic, Jovana"]
[Result "1/2-1/2"]
[WhiteElo "1953"]
[BlackElo "2143"]
[PlyCount "89"]
[EventDate "2023.10.10"]
[EventType "team-tourn"]
[EventRounds "11"]
[EventCountry "SRB"]
[SourceTitle "Mega2024 Update 01"]
[Source "Chessbase"]
[SourceDate "2023.11.12"]
[SourceVersion "1"]
[SourceVersionDate "2023.11.12"]
[SourceQuality "1"]
[WhiteTeam "Nova Varos Zlatar (W)"]
[BlackTeam "Belgrade Crvena Zvezda (W)"]
[WhiteTeamCountry "SRB"]
[BlackTeamCountry "SRB"]

1. d4 d5 2. Nf3 Nf6 3. e3 c5 4. Be2 Nc6 5. 0-0 Bg4 6. Nbd2 e6 7. b3 cxd4 8. exd4 Bd6 9. Bb2 0-0 10. c4 Bf4 11. Ne5 Bxe2 12. Qxe2 Rc8 13. Rfd1 dxc4 14. Ndxc4 Nd5 15. Qf3 b5 16. Nxc6 Rxc6 17. Ne5 Rc2 18. Bc1 Bxc1 19. Rdxc1 Qc7 20. Qd1 Rc8 21. Nd3 Rc3 22. Nc5 Qf4 23. g3 Qc7 24. Rxc3 Nxc3 25. Qe1 b4 26. a3 a5 27. axb4 axb4 28. Qf1 h6 29. Qa6 e5 30. Nd3 exd4 31. Nxb4 Re8 32. h4 Qd7 33. Nd3 Qh3 34. Nf4 Qg4 35. Qd3 Qd7 36. Kh2 Ne4 37. Ra2 Nf6 38. Kg2 Qb7+ 39. Qf3 Qb5 40. Rd2 Qb4 41. Rd3 Qc5 42. b4 Qxb4 43. Nd5 Nxd5 44. Qxd5 Qe1 45. Qxd4 1/2-1/2

[Event "SRB-chT (Women) Div1"]
[Site "Senta"]
[Date "2023.10.14"]
[Round "5.3"]
[White "Zivkovic, Vesna"]
[Black "Manakova, Maria"]
[Result "1/2-1/2"]
[WhiteElo "1953"]
[BlackElo "2109"]
[PlyCount "100"]
[EventDate "2023.10.10"]
[EventType "team-tourn"]
[EventRounds "11"]
[EventCountry "SRB"]
[SourceTitle "Mega2024 Update 01"]
[Source "Chessbase"]
[SourceDate "2023.11.12"]
[SourceVersion "1"]
[SourceVersionDate "2023.11.12"]
[SourceQuality "1"]
[WhiteTeam "Nova Varos Zlatar (W)"]
[BlackTeam "Belgrade Rad (W)"]
[WhiteTeamCountry "SRB"]
[BlackTeamCountry "SRB"]

1. d4 Nf6 2. g3 e6 3. Bg2 c5 4. e3 d5 5. Ne2 Nc6 6. 0-0 Bd6 7. Nd2 0-0 8. b3 e5 9. Bb2 exd4 10. exd4 Bg4 11. Nf3 Ne4 12. Ne5 Bxe5 13. dxe5 Ng5 14. f3 Bh3 15. Bxh3 Nxh3+ 16. Kg2 Ng5 17. f4 Ne4 18. Nc3 Nxc3 19. Bxc3 d4 20. Bd2 f6 21. exf6 Qxf6 22. Qf3 Qf5 23. Qd3 Qxd3 24. cxd3 a5 25. a4 Rfe8 26. Rfe1 Rxe1 27. Rxe1 Kf7 28. g4 Rb8 29. f5 b5 30. Re6 bxa4 31. bxa4 Nd8 32. Re2 Rb2 33. Kf3 Nc6 34. Bf4 Rb3 35. Ke4 Nb4 36. Rd2 Ke7 37. Bc7 Nc6 38. Kd5 Kd7 39. Bg3 Rc3 40. Ke4 c4 41. dxc4 Rxc4 42. Be5 d3+ 43. Kd5 Rxg4 44. Bc3 Nb4+ 45. Bxb4 Rxb4 46. Rxd3 Ke7 47. Ke5 Rxa4 48. Rc3 Rg4 49. Rc7+ Kd8 50. Ra7 a4 1/2-1/2

[Event "SRB-chT (Women)"]
[Site "Custica"]
[Date "2022.10.27"]
[Round "6.5"]
[White "Zivkovic, Vesna"]
[Black "Stojanovic, Andjelija"]
[Result "0-1"]
[WhiteElo "1991"]
[BlackElo "2275"]
[PlyCount "72"]
[EventDate "2022.10.22"]
[EventType "team-tourn"]
[EventRounds "11"]
[EventCountry "SRB"]
[SourceTitle "EXT 2024"]
[Source "ChessBase"]
[SourceDate "2023.10.10"]
[SourceVersion "1"]
[SourceVersionDate "2023.10.10"]
[SourceQuality "1"]
[WhiteTeam "Nova Varos Zlatar (W)"]
[BlackTeam "Nis Osnovac (W)"]
[WhiteTeamCountry "SRB"]
[BlackTeamCountry "SRB"]

1. Nf3 d5 2. d4 c5 3. e3 Nc6 4. c3 cxd4 5. exd4 Nf6 6. Bd3 g6 7. Bf4 Nh5 8. Be5 f6 9. Bg3 Bg7 10. 0-0 0-0 11. Re1 Nxg3 12. hxg3 e5 13. dxe5 fxe5 14. Bb5 e4 15. Bxc6 bxc6 16. Nd4 Qf6 17. f4 exf3 18. Nxf3 Rb8 19. Qc1 Bg4 20. Rf1 Qd6 21. Kh2 Rf5 22. Nbd2 Rh5+ 23. Kg1 Qxg3 24. Qe1 Qc7 25. Nb3 Rf8 26. Qe3 Bxf3 27. Rxf3 Qh2+ 28. Kf1 Qh1+ 29. Kf2 Qh4+ 30. Kf1 Rxf3+ 31. gxf3 Qh3+ 32. Kf2 Qh2+ 33. Kf1 Re5 34. Qd2 Qh1+ 35. Kf2 Qh4+ 36. Kf1 Bh6 0-1

[Event "SRB-chT (Women)"]
[Site "Custica"]
[Date "2022.10.23"]
[Round "2.3"]
[White "Manakova, Maria"]
[Black "Zivkovic, Vesna"]
[Result "1-0"]
[WhiteElo "2160"]
[BlackElo "1991"]
[PlyCount "69"]
[EventDate "2022.10.22"]
[EventType "team-tourn"]
[EventRounds "11"]
[EventCountry "SRB"]
[SourceTitle "EXT 2024"]
[Source "ChessBase"]
[SourceDate "2023.10.10"]
[SourceVersion "1"]
[SourceVersionDate "2023.10.10"]
[SourceQuality "1"]
[WhiteTeam "Belgrade Rad (W)"]
[BlackTeam "Nova Varos Zlatar (W)"]
[WhiteTeamCountry "SRB"]
[BlackTeamCountry "SRB"]

1. e4 c5 2. Nf3 d6 3. d4 cxd4 4. Nxd4 Nf6 5. Nc3 a6 6. Be2 e5 7. Nb3 Be7 8. Be3 Be6 9. Nd5 Nbd7 10. Qd3 Bxd5 11. exd5 Nc5 12. Nxc5 dxc5 13. Rd1 Bd6 14. 0-0 e4 15. Qd2 Qc7 16. g3 0-0 17. f4 Rad8 18. Qe1 Qc8 19. Qf2 Rfe8 20. c4 b6 21. f5 Be5 22. b3 Nd7 23. g4 h6 24. h4 f6 25. Kg2 Qb8 26. g5 fxg5 27. hxg5 hxg5 28. Bxg5 Nf6 29. Rh1 Kf8 30. Qh4 Qd6 31. Qh8+ Kf7 32. Bh5+ Nxh5 33. Qxh5+ Kg8 34. Bxd8 Rxd8 35. Rde1 1-0

[Event "SRB-chT (Women)"]
[Site "Custica"]
[Date "2022.10.22"]
[Round "1.5"]
[White "Zivkovic, Vesna"]
[Black "Palamarevic, Mina"]
[Result "0-1"]
[WhiteElo "1991"]
[BlackElo "1689"]
[PlyCount "68"]
[EventDate "2022.10.22"]
[EventType "team-tourn"]
[EventRounds "11"]
[EventCountry "SRB"]
[SourceTitle "EXT 2024"]
[Source "ChessBase"]
[SourceDate "2023.10.10"]
[SourceVersion "1"]
[SourceVersionDate "2023.10.10"]
[SourceQuality "1"]
[WhiteTeam "Nova Varos Zlatar (W)"]
[BlackTeam "Belgrade Vitez (W)"]
[WhiteTeamCountry "SRB"]
[BlackTeamCountry "SRB"]

1. d4 d5 2. Nf3 c6 3. e3 Nf6 4. Bd3 Bg4 5. Nbd2 e6 6. h3 Bh5 7. 0-0 Bd6 8. c3 0-0 9. Qc2 Nbd7 10. e4 dxe4 11. Nxe4 Nxe4 12. Bxe4 Bg6 13. Bxg6 hxg6 14. Re1 c5 15. Bg5 Qa5 16. Rad1 Qc7 17. dxc5 Bxc5 18. Qd2 Nf6 19. Bf4 Qb6 20. Ne5 Rfd8 21. Qe2 Rxd1 22. Rxd1 Rd8 23. Rxd8+ Qxd8 24. Bg5 Qd5 25. c4 Qe4 26. Qxe4 Bxf2+ 27. Kxf2 Nxe4+ 28. Ke3 Nxg5 29. Nd7 f6 30. Nc5 b6 31. h4 bxc5 32. hxg5 f5 33. b4 cxb4 34. Kd4 Kf7 0-1

[Event "SRB-chT (Women) Div1"]
[Site "Vrnjacka Banja"]
[Date "2021.09.12"]
[Round "7.4"]
[White "Rakic, Teodora"]
[Black "Zivkovic, Vesna"]
[Result "1-0"]
[WhiteElo "1982"]
[BlackElo "1994"]
[PlyCount "75"]
[EventDate "2021.09.07"]
[EventType "tourn"]
[EventRounds "11"]
[EventCountry "SRB"]
[SourceTitle "CBM 204 Extra"]
[Source "ChessBase"]
[SourceDate "2021.11.30"]
[SourceVersion "1"]
[SourceVersionDate "2021.11.30"]
[SourceQuality "1"]
[WhiteTeam "Belgrade Rad (W)"]
[BlackTeam "Kac Jugovic (W)"]
[WhiteTeamCountry "SRB"]
[BlackTeamCountry "SRB"]

1. d4 Nf6 2. c4 e6 3. Nc3 Bb4 4. Qc2 0-0 5. e4 d5 6. e5 Ne4 7. a3 Bxc3+ 8. bxc3 f5 9. Ne2 c5 10. Bb2 Qa5 11. f3 Ng5 12. h4 Nf7 13. Kf2 dxc4 14. Nf4 Re8 15. a4 Qc7 16. Bxc4 Nc6 17. Qe2 Na5 18. Bd3 b6 19. g4 g6 20. gxf5 exf5 21. Nd5 Qd8 22. Nf6+ Qxf6 23. exf6 Rxe2+ 24. Bxe2 Bb7 25. Rhg1 Rd8 26. Rad1 c4 27. Ba3 Nd6 28. Bb4 Kf7 29. Rde1 Kxf6 30. Bd1 Nc6 31. Ba3 Ne7 32. Re5 Nd5 33. Rge1 Nf7 34. Be7+ Nxe7 35. Rxe7 Rb8 36. R1e6+ Kg7 37. Rc7 Bd5 38. Ree7 1-0

[Event "SRB-chT (Women) Div1"]
[Site "Vrnjacka Banja"]
[Date "2021.09.09"]
[Round "3.4"]
[White "Zivkovic, Vesna"]
[Black "Stanimirovic, Marija"]
[Result "1-0"]
[WhiteElo "1994"]
[BlackElo "1916"]
[PlyCount "141"]
[EventDate "2021.09.07"]
[EventType "tourn"]
[EventRounds "11"]
[EventCountry "SRB"]
[SourceTitle "CBM 204 Extra"]
[Source "ChessBase"]
[SourceDate "2021.11.30"]
[SourceVersion "1"]
[SourceVersionDate "2021.11.30"]
[SourceQuality "1"]
[WhiteTeam "Kac Jugovic (W)"]
[BlackTeam "Belgrade Crvena Zvezda (W)"]
[WhiteTeamCountry "SRB"]
[BlackTeamCountry "SRB"]

1. d4 Nf6 2. Nf3 e6 3. e3 b6 4. Bd3 Bb7 5. Nbd2 c5 6. 0-0 Be7 7. c3 0-0 8. e4 c4 9. Bc2 Qc7 10. Re1 d6 11. Nf1 e5 12. d5 Nbd7 13. Ng3 g6 14. Bg5 Rfc8 15. Nd2 Nxd5 16. Bxe7 Nxe7 17. Qg4 Nf6 18. Qh4 Kg7 19. Re3 h6 20. Nf5+ Nxf5 21. exf5 g5 22. Rg3 Rg8 23. Qxc4 Qxc4 24. Nxc4 Be4 25. Bxe4 Nxe4 26. Re3 d5 27. Nxe5 Kf6 28. Ng4+ Kg7 29. Rd3 h5 30. Ne3 Nf6 31. Rad1 Rge8 32. Kf1 Re5 33. Nxd5 Rxf5 34. Nxf6 Rxf6 35. Rd5 Kg6 36. Rd6 Rxd6 37. Rxd6+ f6 38. f3 b5 39. Kf2 Rb8 40. Ke3 Re8+ 41. Kd2 Re7 42. b3 g4 43. Rd5 gxf3 44. gxf3 Rb7 45. h4 Rb6 46. f4 f5 47. Kd3 a6 48. c4 bxc4+ 49. bxc4 Rb1 50. Rd6+ Kg7 51. c5 Rc1 52. Kd4 Rd1+ 53. Ke5 Rc1 54. c6 Kf7 55. Kxf5 Rc5+ 56. Ke4 Rc4+ 57. Ke5 Rc5+ 58. Kd4 Rc2 59. a4 Kg7 60. Rd7+ Kg6 61. Kd5 Rc1 62. c7 Kf5 63. Kd6 Rd1+ 64. Kc6 Rc1+ 65. Kb6 Rb1+ 66. Kxa6 Rc1 67. Kb7 Rb1+ 68. Kc8 Rg1 69. Rd8 Ra1 70. Kb7 Rb1+ 71. Ka7 1-0

[Event "SRB-chT (Women)"]
[Site "Subotica"]
[Date "2019.08.29"]
[Round "8.6"]
[White "Gajcin, Jasmina"]
[Black "Zivkovic, Vesna"]
[Result "0-1"]
[WhiteElo "1910"]
[BlackElo "2016"]
[PlyCount "78"]
[EventDate "2019.08.22"]
[EventType "team-tourn"]
[EventRounds "11"]
[EventCountry "SRB"]
[SourceTitle "EXT 2020"]
[Source "ChessBase"]
[SourceDate "2019.10.17"]
[SourceVersion "1"]
[SourceVersionDate "2019.10.17"]
[SourceQuality "1"]
[WhiteTeam "Sombor (W)"]
[BlackTeam "Belgrade Radnicki (W)"]
[WhiteTeamCountry "SRB"]
[BlackTeamCountry "SRB"]

1. e4 c5 2. Nf3 d6 3. Bb5+ Bd7 4. c4 Nf6 5. Nc3 e6 6. 0-0 Nc6 7. d4 cxd4 8. Nxd4 Be7 9. Be3 0-0 10. f3 Qc7 11. Rc1 a6 12. Bxc6 bxc6 13. Qd2 Rfd8 14. Qf2 Rab8 15. b3 c5 16. Nde2 Bc6 17. Rfd1 Nd7 18. Qg3 Ne5 19. Nf4 Kh8 20. Nh5 g6 21. Nf4 Bf6 22. Nd3 Qe7 23. Bf4 Nxd3 24. Rxd3 Bd4+ 25. Be3 Be5 26. Bf4 Bd4+ 27. Be3 Be5 28. Bf4 Bd4+ 29. Kh1 Rd7 30. Ne2 e5 31. Bg5 f6 32. Bd2 Qe6 33. Bc3 f5 34. Bxd4 cxd4 35. exf5 gxf5 36. Rcd1 Qf6 37. Qf2 Rg7 38. Rg1 Rbg8 39. Ng3 Rxg3 0-1

[Event "SRB-chT (Women)"]
[Site "Novi Sad"]
[Date "2017.09.08"]
[Round "8.2"]
[White "Miladinovic, Lena"]
[Black "Zivkovic, Vesna"]
[Result "1/2-1/2"]
[WhiteElo "2110"]
[BlackElo "2025"]
[PlyCount "98"]
[EventDate "2017.09.01"]
[EventType "team-tourn"]
[EventRounds "11"]
[EventCountry "SRB"]
[SourceTitle "CBM 180 Extra"]
[Source "ChessBase"]
[SourceDate "2017.10.06"]
[SourceVersion "1"]
[SourceVersionDate "2017.10.06"]
[SourceQuality "1"]
[WhiteTeam "Kac Jugovic (W)"]
[BlackTeam "Rudovci Radnicki (W)"]
[WhiteTeamCountry "SRB"]
[BlackTeamCountry "SRB"]

1. c4 Nf6 2. Nc3 e6 3. Nf3 d5 4. cxd5 exd5 5. d4 c6 6. Bg5 h6 7. Bh4 Be7 8. e3 Bf5 9. Bxf6 Bxf6 10. Bd3 Bxd3 11. Qxd3 Nd7 12. 0-0 0-0 13. b4 a6 14. a4 Qe7 15. Rab1 g6 16. h3 Bg7 17. Rb3 b5 18. a5 Rfe8 19. Ne2 Rac8 20. Rc1 Qd6 21. Nf4 Nf8 22. Qb1 Rc7 23. Rbc3 Rec8 24. Nd3 Nd7 25. R1c2 Qe6 26. Qc1 Qd6 27. Nd2 Qe6 28. Nf4 Qd6 29. Nd3 Qe6 30. Nb3 Bf8 31. Nf4 Qd6 32. Nc5 Nxc5 33. Rxc5 Qd8 34. Rxc6 Rxc6 35. Rxc6 Rxc6 36. Qxc6 Bxb4 37. Qxa6 Qxa5 38. Qf6 Qa2 39. Qd8+ Bf8 40. Nxd5 b4 41. Nf6+ Kg7 42. Nd7 Qb1+ 43. Kh2 Bd6+ 44. Ne5 Bxe5+ 45. dxe5 b3 46. Qf6+ Kg8 47. e6 fxe6 48. Qxe6+ Kg7 49. Qe7+ Kg8 1/2-1/2

[Event "SRB-chT (Women)"]
[Site "Novi Sad"]
[Date "2017.09.02"]
[Round "2.5"]
[White "Miljkovic, Jovana"]
[Black "Zivkovic, Vesna"]
[Result "1/2-1/2"]
[WhiteElo "1859"]
[BlackElo "2025"]
[PlyCount "38"]
[EventDate "2017.09.01"]
[EventType "team-tourn"]
[EventRounds "11"]
[EventCountry "SRB"]
[SourceTitle "CBM 180 Extra"]
[Source "ChessBase"]
[SourceDate "2017.10.06"]
[SourceVersion "1"]
[SourceVersionDate "2017.10.06"]
[SourceQuality "1"]
[WhiteTeam "Cuprija Radnicki (W)"]
[BlackTeam "Rudovci Radnicki (W)"]
[WhiteTeamCountry "SRB"]
[BlackTeamCountry "SRB"]

1. Nf3 Nf6 2. c4 c5 3. Nc3 Nc6 4. e3 e6 5. d4 d5 6. a3 a6 7. dxc5 dxc4 8. Qxd8+ Nxd8 9. Na4 Ne4 10. Bxc4 Nxc5 11. Nxc5 Bxc5 12. b4 Be7 13. Bb2 0-0 14. Ke2 Bd7 15. Rhd1 Ba4 16. Rd2 Rc8 17. Bd3 Nc6 18. Bc2 Bb5+ 19. Bd3 Ba4 1/2-1/2

[Event "Belgrade-chT Quality"]
[Site "Belgrade"]
[Date "2016.10.26"]
[Round "10.1"]
[White "Zivkovic, Vesna"]
[Black "Resan, Branko"]
[Result "1-0"]
[WhiteElo "2038"]
[BlackElo "2031"]
[PlyCount "103"]
[EventDate "2016.10.01"]
[EventType "team-tourn"]
[EventRounds "11"]
[EventCountry "SRB"]
[SourceTitle "EXT 2018"]
[Source "ChessBase"]
[SourceDate "2017.10.13"]
[SourceVersion "1"]
[SourceVersionDate "2017.10.13"]
[SourceQuality "1"]

1. d4 Nf6 2. Nf3 d5 3. g3 Bf5 4. Bg2 e6 5. Nbd2 h6 6. 0-0 Nbd7 7. c4 c6 8. b3 Be7 9. Bb2 Ne4 10. Nxe4 Bxe4 11. Qc1 Rc8 12. Rd1 Bf6 13. Qd2 0-0 14. Rac1 Bxf3 15. Bxf3 Bg5 16. e3 f5 17. cxd5 exd5 18. Qd3 Be7 19. Rc2 g6 20. Rdc1 Nf6 21. Bg2 Qa5 22. Bc3 Bb4 23. Bb2 Rce8 24. a3 Bd6 25. b4 Qb6 26. Bc3 Ne4 27. Be1 a6 28. Rb1 Qb5 29. Qb3 Qb6 30. a4 Ra8 31. Ra2 Kg7 32. b5 axb5 33. axb5 g5 34. Qb2 Kg6 35. bxc6 Qxb2 36. Raxb2 bxc6 37. Rc2 Rfc8 38. Rbc1 c5 39. Bxe4 dxe4 40. dxc5 Be5 41. c6 Ra7 42. Bc3 Bxc3 43. Rxc3 Rac7 44. Kg2 g4 45. Rc5 h5 46. h3 Kg5 47. hxg4 hxg4 48. Kf1 Kg6 49. Ke2 Kf6 50. R5c4 Ke6 51. Kd2 Ra8 52. Rd4 1-0

[Event "Belgrade-chT Quality"]
[Site "Belgrade"]
[Date "2016.10.25"]
[Round "9.6"]
[White "Zivkovic, Vesna"]
[Black "Marjanovic, Dragan"]
[Result "1/2-1/2"]
[WhiteElo "2038"]
[BlackElo "1810"]
[PlyCount "84"]
[EventDate "2016.10.01"]
[EventType "team-tourn"]
[EventRounds "11"]
[EventCountry "SRB"]
[SourceTitle "EXT 2018"]
[Source "ChessBase"]
[SourceDate "2017.10.13"]
[SourceVersion "1"]
[SourceVersionDate "2017.10.13"]
[SourceQuality "1"]

1. Nf3 Nf6 2. g3 g6 3. Bg2 Bg7 4. d4 d6 5. 0-0 0-0 6. c4 Nbd7 7. Nc3 c6 8. e4 e5 9. dxe5 dxe5 10. Qc2 Re8 11. h3 Nf8 12. Be3 Qc7 13. Rad1 b6 14. c5 Ba6 15. Rfe1 Rad8 16. b4 Rxd1 17. Rxd1 b5 18. Rd6 N8d7 19. Qc1 Bf8 20. Rd1 Bc8 21. Bg5 Be7 22. Nh2 Nf8 23. Be3 Rd8 24. Nf3 Rxd1+ 25. Qxd1 Ne8 26. Ng5 Qd8 27. Qxd8 Bxd8 28. Nf3 f6 29. Nd2 a5 30. a3 axb4 31. axb4 Be6 32. f4 Bc7 33. f5 Bf7 34. h4 Nd7 35. Ndb1 Nb8 36. Na3 Na6 37. Nc2 Bd8 38. Kf2 Nb8 39. Ke2 Nc7 40. g4 Nba6 41. Bf3 Nb8 42. Kd3 Nca6 1/2-1/2

[Event "SRB-ch sf (Women)"]
[Site "Belgrade"]
[Date "2016.03.25"]
[Round "5"]
[White "Zivkovic, Vesna"]
[Black "Petrovic, Marija"]
[Result "1/2-1/2"]
[WhiteElo "2036"]
[BlackElo "2061"]
[PlyCount "20"]
[EventDate "2016.03.21"]
[EventType "swiss"]
[EventRounds "9"]
[EventCountry "SRB"]
[SourceTitle "CBM 171 Extra"]
[Source "ChessBase"]
[SourceDate "2016.04.26"]
[SourceVersion "1"]
[SourceVersionDate "2016.04.26"]
[SourceQuality "1"]

1. d4 d5 2. Nf3 c6 3. e3 Nf6 4. Be2 Bf5 5. 0-0 e6 6. c4 Nbd7 7. cxd5 exd5 8. Nc3 Be7 9. h3 h6 10. Qb3 Qb6 1/2-1/2

[Event "SRB-ch sf (Women)"]
[Site "Belgrade"]
[Date "2016.03.22"]
[Round "2"]
[White "Zivkovic, Vesna"]
[Black "Rakic, Teodora"]
[Result "1-0"]
[WhiteElo "2036"]
[BlackElo "2042"]
[PlyCount "71"]
[EventDate "2016.03.21"]
[EventType "swiss"]
[EventRounds "9"]
[EventCountry "SRB"]
[SourceTitle "CBM 171 Extra"]
[Source "ChessBase"]
[SourceDate "2016.04.26"]
[SourceVersion "1"]
[SourceVersionDate "2016.04.26"]
[SourceQuality "1"]

1. d4 Nf6 2. Nf3 g6 3. c4 Bg7 4. Nc3 0-0 5. e4 d6 6. Be2 Nbd7 7. 0-0 e5 8. d5 Nc5 9. Qc2 a5 10. Be3 Ne8 11. a3 f5 12. b4 axb4 13. axb4 Rxa1 14. Rxa1 Na6 15. Rb1 f4 16. Bd2 g5 17. h3 g4 18. hxg4 Bxg4 19. Nh2 Bxe2 20. Nxe2 Qg5 21. Qd3 Rf6 22. Ng3 Rg6 23. Qf3 Nf6 24. Nf5 Bf8 25. Kf1 h5 26. g3 Ng4 27. Nxg4 hxg4 28. gxf4 exf4 29. Qxf4 Qh5 30. Rb3 Nb8 31. Rg3 Nd7 32. Bc3 Kh7 33. Ne3 Bg7 34. Bxg7 Kxg7 35. Rxg4 Ne5 36. Nf5+ 1-0

[Event "SRB-chT (Women)"]
[Site "Kragujevac"]
[Date "2015.08.30"]
[Round "11.4"]
[White "Zivkovic, Vesna"]
[Black "Chelushkina, Irina"]
[Result "1-0"]
[WhiteElo "2028"]
[BlackElo "2283"]
[PlyCount "77"]
[EventDate "2015.08.20"]
[EventType "team-tourn"]
[EventRounds "11"]
[EventCountry "SRB"]
[SourceTitle "EXT 2016"]
[Source "ChessBase"]
[SourceDate "2015.10.08"]
[SourceVersion "1"]
[SourceVersionDate "2015.10.08"]
[SourceQuality "1"]
[WhiteTeam "Rudovci Radnicki (W)"]
[BlackTeam "Belgrade BAS (W)"]
[WhiteTeamCountry "SRB"]
[BlackTeamCountry "SRB"]

1. Nf3 Nf6 2. g3 d6 3. d3 e5 4. e4 c6 5. Bg2 Be7 6. c4 0-0 7. 0-0 Na6 8. Nc3 Bg4 9. h3 Bd7 10. d4 Qa5 11. a3 Be6 12. Qe2 b5 13. d5 cxd5 14. Nxd5 Bxd5 15. cxd5 Qa4 16. Bg5 Nc5 17. Bxf6 Bxf6 18. Rfe1 Nb3 19. Rad1 Rfc8 20. Bf1 Rab8 21. Qd3 Nc5 22. Qe2 b4 23. Nd2 bxa3 24. bxa3 Rb2 25. Qe3 h6 26. Nc4 Rb3 27. Qd2 Bg5 28. Qe2 Be7 29. Rb1 Rcb8 30. Rxb3 Rxb3 31. h4 Rc3 32. Rb1 g6 33. Rb8+ Kg7 34. Qg4 Na6 35. Rb7 Bf8 36. Rxa7 Rc1 37. Ne3 Qb5 38. Qf3 Nc7 39. Rxc7 1-0

[Event "SRB-chT (Women)"]
[Site "Kragujevac"]
[Date "2015.08.28"]
[Round "9.3"]
[White "Zivkovic, Vesna"]
[Black "Eric, Jovana"]
[Result "1/2-1/2"]
[WhiteElo "2028"]
[BlackElo "2156"]
[PlyCount "71"]
[EventDate "2015.08.20"]
[EventType "team-tourn"]
[EventRounds "11"]
[EventCountry "SRB"]
[SourceTitle "EXT 2016"]
[Source "ChessBase"]
[SourceDate "2015.10.08"]
[SourceVersion "1"]
[SourceVersionDate "2015.10.08"]
[SourceQuality "1"]
[WhiteTeam "Rudovci Radnicki (W)"]
[BlackTeam "Goracici Jelica (W)"]
[WhiteTeamCountry "SRB"]
[BlackTeamCountry "SRB"]

1. g3 d5 2. Nf3 c6 3. Bg2 Nf6 4. d3 Bf5 5. 0-0 e6 6. b3 h6 7. Bb2 Be7 8. Nbd2 0-0 9. c4 Nbd7 10. Ne5 Nxe5 11. Bxe5 Qb6 12. e4 dxe4 13. dxe4 Bg4 14. Qc2 Rad8 15. Nf3 Qa5 16. Bc3 Qh5 17. Ne5 Bh3 18. Bf3 Qg5 19. Rfd1 Ng4 20. Nxg4 Bxg4 21. Qe2 Bh3 22. Rxd8 Bxd8 23. Bg2 Bxg2 24. Kxg2 Bb6 25. Rd1 Qe7 26. Rd3 e5 27. Qd2 Bd4 28. Bxd4 exd4 29. Rxd4 c5 30. Rd3 Qxe4+ 31. Kg1 Kh7 32. Qe3 Qf5 33. Rd5 Qb1+ 34. Kg2 f5 35. Qd3 Qxd3 36. Rxd3 1/2-1/2

[Event "SRB-chT (Women)"]
[Site "Kragujevac"]
[Date "2015.08.27"]
[Round "8.3"]
[White "Tadic, Katarina"]
[Black "Zivkovic, Vesna"]
[Result "1-0"]
[WhiteElo "2063"]
[BlackElo "2028"]
[PlyCount "93"]
[EventDate "2015.08.20"]
[EventType "team-tourn"]
[EventRounds "11"]
[EventCountry "SRB"]
[SourceTitle "EXT 2016"]
[Source "ChessBase"]
[SourceDate "2015.10.08"]
[SourceVersion "1"]
[SourceVersionDate "2015.10.08"]
[SourceQuality "1"]
[WhiteTeam "Kac Jugovic (W)"]
[BlackTeam "Rudovci Radnicki (W)"]
[WhiteTeamCountry "SRB"]
[BlackTeamCountry "SRB"]

1. Nf3 Nf6 2. c4 e6 3. g3 d5 4. Bg2 Be7 5. 0-0 0-0 6. d4 dxc4 7. Ne5 Nc6 8. Nxc6 bxc6 9. Na3 Nd5 10. Nxc4 Rb8 11. Na5 Rb6 12. Nb3 Ba6 13. Bd2 Bc4 14. Na5 Ba6 15. b3 c5 16. dxc5 Bxc5 17. Rc1 Ba3 18. Rc2 Rd6 19. Qe1 c5 20. Nc4 Bxc4 21. Rxc4 Qf6 22. Ra4 Qb2 23. Bc1 Qxc1 24. Qxc1 Bxc1 25. Rxc1 a6 26. Rxc5 g6 27. Bxd5 exd5 28. Rd4 Rfd8 29. e3 Kg7 30. Kf1 Kf6 31. Ke2 Ke6 32. Kd3 h5 33. h4 Rb8 34. Ra4 Rbb6 35. Kd4 Rd7 36. b4 Rdd6 37. a3 Rb7 38. Raa5 Rbd7 39. a4 Rd8 40. b5 axb5 41. axb5 Rb8 42. Rc7 Rdb6 43. Kc5 Rd6 44. Ra6 Rxa6 45. bxa6 Rb2 46. a7 Ra2 47. Kb6 1-0

[Event "SRB-chT (Women)"]
[Site "Kragujevac"]
[Date "2013.08.26"]
[Round "3.5"]
[White "Zivkovic, Vesna"]
[Black "Chelushkina, Irina"]
[Result "0-1"]
[WhiteElo "2089"]
[BlackElo "2265"]
[PlyCount "114"]
[EventDate "2013.08.24"]
[EventType "team-tourn"]
[EventRounds "11"]
[EventCountry "SRB"]
[SourceTitle "CBM 156 Extra"]
[Source "ChessBase"]
[SourceDate "2013.10.22"]
[SourceVersion "1"]
[SourceVersionDate "2013.10.22"]
[SourceQuality "1"]
[WhiteTeam "Rudovci Radnicki (W)"]
[BlackTeam "Belgrade BAS (W)"]
[WhiteTeamCountry "SRB"]
[BlackTeamCountry "SRB"]

1. d4 Nf6 2. Nf3 g6 3. g3 Bg7 4. Bg2 0-0 5. 0-0 d5 6. Nbd2 c6 7. b3 a5 8. c4 a4 9. Bb2 a3 10. Bc3 Ne4 11. Nxe4 dxe4 12. Ne1 c5 13. e3 Nc6 14. Nc2 f5 15. Qd2 Qc7 16. Rad1 Rd8 17. Qc1 cxd4 18. Nxd4 Nxd4 19. Bxd4 e5 20. Bc3 Be6 21. Rxd8+ Qxd8 22. Rd1 Qb6 23. Bf1 Bf6 24. Rd2 Kf7 25. Qd1 h5 26. b4 Qc6 27. c5 Qe8 28. Qa1 Rd8 29. Rxd8 Qxd8 30. Qc1 Qd5 31. Qxa3 Qd1 32. Qb2 Bc4 33. Qa1 Qxa1 34. Bxa1 Bxa2 35. Bb5 Bd5 36. h4 Bg7 37. Bc3 Kf6 38. Be8 Bc6 39. Bxc6 bxc6 40. Kf1 Ke6 41. Ke2 Kd5 42. Bd2 Kc4 43. Be1 Bf6 44. Bd2 Bd8 45. Be1 f4 46. exf4 exf4 47. gxf4 Bxh4 48. Ke3 Kd5 49. Bc3 Bd8 50. f3 exf3 51. Kxf3 Kc4 52. Be1 Kd3 53. Bf2 Kc4 54. Be1 Kd5 55. Bc3 Be7 56. Be1 Bf6 57. Bd2 Bb2 0-1

[Event "SRB-chT (Women)"]
[Site "Kragujevac"]
[Date "2013.08.25"]
[Round "2.3"]
[White "Mijic, Mira"]
[Black "Zivkovic, Vesna"]
[Result "1/2-1/2"]
[WhiteElo "2005"]
[BlackElo "2089"]
[PlyCount "87"]
[EventDate "2013.08.24"]
[EventType "team-tourn"]
[EventRounds "11"]
[EventCountry "SRB"]
[SourceTitle "CBM 156 Extra"]
[Source "ChessBase"]
[SourceDate "2013.10.22"]
[SourceVersion "1"]
[SourceVersionDate "2013.10.22"]
[SourceQuality "1"]
[WhiteTeam "Novi Sad (W)"]
[BlackTeam "Rudovci Radnicki (W)"]
[WhiteTeamCountry "SRB"]
[BlackTeamCountry "SRB"]

1. e4 c5 2. Nf3 d6 3. d4 cxd4 4. Nxd4 Nf6 5. Nc3 a6 6. Qf3 Qc7 7. h3 Nc6 8. Be3 g6 9. g4 Ne5 10. Qe2 e6 11. f4 Nc6 12. 0-0-0 Bg7 13. Bg2 Bd7 14. Rhe1 0-0 15. Qf2 Nxd4 16. Bxd4 Ne8 17. Bb6 Qc8 18. e5 dxe5 19. Bc5 exf4 20. Bxf8 Kxf8 21. Qxf4 Bc6 22. Bxc6 Qxc6 23. Rd3 Rc8 24. Red1 e5 25. Qe4 Bh6+ 26. Kb1 Bf4 27. Qxc6 Rxc6 28. Ne4 f5 29. Nc3 fxg4 30. hxg4 Nf6 31. Nd5 g5 32. Nxf6 Rxf6 33. Rd7 Rf7 34. c4 e4 35. Kc2 e3 36. Rxf7+ Kxf7 37. Kd3 Kg6 38. Ke2 h5 39. Kf3 h4 40. b4 h3 41. a4 h2 42. c5 Kf6 43. b5 axb5 44. axb5 1/2-1/2